| 000 | 00538nam a2200205 a 4500 | ||
|---|---|---|---|
| 003 | PILC | ||
| 005 | 20151026131533.0 | ||
| 008 | 030920s19uu xx 00 eng d | ||
| 020 | _a0-439-35806-X | ||
| 050 |
_aPZ 7 _b.R79835Op 2003 |
||
| 100 | _aRowling, J.K. | ||
| 245 |
_aHarry Potter and the order of phoenix / _cJ.K. Rowling. |
||
| 250 | _aBook 5 | ||
| 260 |
_aNew York : _bScholastic Press, _c2003. |
||
| 300 |
_a870 p. : _bill. ; _c24 cm. |
||
| 650 | _aFiction | ||
| 942 |
_cBK _2lcc _kFOR |
||
| 999 |
_c20285 _d20285 |
||